zpět

Detail výsledku týmu

Music Bar Forea, Lanškroun

Datum a čas kvízu

23.5 Celkem bodů Celkový počet nahraných bodů na tomto kvízu bez doplňovacích otázek.
10. Pořadí na kvízu Konečné umístění týmu na tomto kvízu.

Zaznamenané odpovědi

# Otázka Odpověď Body Výsledky
1. Která zdrobnělina jihoslovansk... Darinka 0
2. Který druh alkoholu se skrývá... gin, Ginevra 0
3. Najděte v uvedeném souvětí skr... lokše 1
4. Který jídelní pozůstatek se sk... ohryzek 0
5. Czenglish neboli počeštěná ang... rajská omáčka, utopenec 1
6. Najděte v této šifře české měs... Lovosice 0
7. S pomocí angličtiny najděte v... Madagaskar 1
8. Které dvě řeky ve svých názvec... Jihlava, Úhlava 0
9. Které hlavní město se ukrývá v... Lusaka 1
10. Opět máte za úkol najít název... Salvador 1